000 00265nam a2200109Ia 4500
008 210107s9999 xx 000 0 und d
100 _aMenon, Raja
245 2 _aA Nuclear Strategy For India
260 _aNew Delhi
_bSage Publications
300 _a316
942 _cBK
999 _c10686
_d10686